| 000 | 00924nam a22003257a 4500 | ||
|---|---|---|---|
| 001 | 550 | ||
| 003 | DO-SdBPM | ||
| 005 | 20250609100759.0 | ||
| 007 | 550 | ||
| 008 | 870713s1992 sp spa | ||
| 015 | _a | ||
| 017 |
_a _b |
||
| 020 | _a843482034X | ||
| 035 | _a | ||
| 040 |
_aDO-SdBPM _bspa _cBPMSU _e |
||
| 082 | 4 |
_a863.6 _bG633m 1992 _222 |
|
| 100 | 2 |
_aGómez Cerdá, Alfredo _d1951- |
|
| 245 | 1 | 0 |
_aMacaco y Antón / _cAlfredo Gómez Cerdá ; ilustraciones, Margarita Menéndez |
| 250 | _a4a. edición | ||
| 260 | 1 |
_aMadrid : _bEdiciones SM, _c1992 |
|
| 300 |
_a62 p. : _bil. ; _c20 cm. |
||
| 490 | 0 |
_aEl barco de vapor, _v15 |
|
| 590 | _aInventariado, 2025/VM | ||
| 650 | 4 | _aCuentos infantiles españoles | |
| 650 | 4 |
_aAmistad _vCuentos |
|
| 650 | 4 |
_aFerroviarios _vCuentos |
|
| 700 | 1 |
_aMenéndez, Margarita _eilustraciones |
|
| 910 | _aVMateo V. Control de calidad. BPMSU | ||
| 942 |
_2ddc _cBK |
||
| 999 |
_c8879 _d8879 |
||